000 00427nam a2200181Ia 4500
008 230524s9999 xx 000 0 und d
020 _a9812406190
082 _a621.395
_bPUC
100 _aDoughlas A.Pucknell
245 0 _aBasic VLSI Design
250 _a3RD
260 _aNEW DELHI
_bPHI
_c2004
300 _a495
500 _aQuantity Number: 33
650 _aElectronics
700 _a Kmran Eshraghian
942 _cBK
999 _c4476
_d4476